000 01647cam a22004214i 4500
003 PE-LiUPU
005 20250731173214.0
008 150625s1960 ag r 000 0 spa d
035 _a(Sirsi) a32671
040 _aPE-LiUPU
_bspa
_cPE-LiUPU
_erda
049 _aPRUA
082 0 4 _a224.1
_bN82
_221
100 1 _aNorth, Christopher R.,
_eautor.
245 1 3 _aEl Libro de Isaías 40-55 /
_cChristopher R. North.
264 1 _aBuenos Aires :
_bLa Aurora,
_c1960.
300 _a169 páginas ;
_c18 centímetros
336 _atext
_2rdacontent
337 _aunmediated
_2rdamedia
338 _avolume
_2rdacarrier
505 0 _aPrefacio -- Bibliografía -- Introducción -- l trasfondo histórico -- Fecha y autor -- Deutero-Isaias y Trito-Isaias -- Deutero-Isaias y Proto-Isaias -- La forma de la profecía -- El cumplimiento de la profecía -- La interpretación de la profecía -- El siervo Sufriente -- Comentarios.
526 _aSEG42
526 _aSEG41
526 _aSEG40
526 _aSEG39
526 _aP94
526 _aP87
526 _aP86
526 _aP85
526 _aP77
526 _aP76
526 _aP35
650 0 4 _aBiblia. -- A.T. -- Isaías -- comentarios.
942 _2ddc
_cBOOK
949 _a224.1 N82
_wDEWEY
_c1
_i37630
_lCCODEBUL1
_mBUL
_p00.00
_r0
_sY
_tBOOK
_u2015-06-25
_xBIBLIOTECA
_zUNKNOWN
_0COMPRA
_o.STAFF. Colección General
596 _a1
999 _a224.1 N82
_wDEWEY
_c40349
_i37630
_d40349
_e2022-6-7
_f2021-11-11
_g5
_lCCODEBUL1
_mBUL
_n12
_p55.00
_q14
_r0
_sY
_tBOOK
_u2015-6-25
_xTEOLOGIA
_PP35
_0COMPRA
_o.STAFF. Colección Teología
980 _81
_gALBERTO SANCHEZ Responsable de Automatización